Sčítanie obyvateľov, domov a bytov 2001 bývajúce obyvateľstvo podľa národnosti, najvyššieho skončeného stupňa školského vzdelania a stupňa ekonomickej aktivity za SR, kraje a okresy (Banskobystrický kraj, Prešovský kraj, Košický kraj)

Enregistré dans:
Détails bibliographiques
Format: Livre
Langue:slovaque
Publié: Bratislava Štatistický úrad Slovenskej republiky 2002
Sujets:
Tags: Ajouter un tag
Pas de tags, Soyez le premier à ajouter un tag!

MARC

LEADER 00000nam a2200000 4500
001 c140409
005 20251104082340.5
041 0 |a slo 
044 |a SK 
245 1 0 |a Sčítanie obyvateľov, domov a bytov 2001  |b bývajúce obyvateľstvo podľa národnosti, najvyššieho skončeného stupňa školského vzdelania a stupňa ekonomickej aktivity za SR, kraje a okresy (Banskobystrický kraj, Prešovský kraj, Košický kraj) 
264 1 |a Bratislava  |b Štatistický úrad Slovenskej republiky  |c 2002 
300 |a 401 s. 
610 2 0 |a Slovensko 
610 2 0 |a sčítanie ľudu 
610 2 0 |a obyvateľstvo 
610 2 0 |a byty 
610 2 0 |a vek 
610 2 0 |a vzdelanie 
610 2 0 |a národnosti